000 00379 a2200133 4500
001 89096
082 _aPR 823
090 _c42044
_d42044
100 _aMujeeb Ur Rehman Khan
245 _aTo study the theory of heat pipes and theoreticaly design a heat pipe to operate under given conditions
260 _aKarachi
_bNED
_c1983
300 _a120p.
500 _aBE Project Reports
942 _aCAE NUST
_kPR 823
999 _c324169
_d324169